000 01590nam a2200361 a 4500
001 ebr10463009
003 CaPaEBR
006 m u
007 cr cn|||||||||
008 881122s1988 ne a sb 001 0 eng d
010 _z 88034350
020 _z9027245355
020 _z9789027245359 (hbk ; alk. paper)
020 _z9789027286116 (e-book)
040 _aCaPaEBR
_cCaPaEBR
035 _a(OCoLC)713025910
043 _ae-uk---
050 1 4 _aP81.G7
_bS2 1988eb
082 0 4 _a410/.941
_219
100 1 _aSalmon, Vivian.
245 1 4 _aThe study of language in 17th-century England
_h[electronic resource] /
_cVivian Salmon.
250 _a2nd ed.
260 _aAmsterdam ;
_aPhiladelphia :
_bJohn Benjamins Pub. Co.,
_c1988.
300 _axix, 220 p. :
_bill.
490 1 _aAmsterdam studies in the theory and history of linguistic science. Series III, Studies in the history of the language sciences,
_x0304-0720 ;
_vv. 17
504 _aIncludes bibliographies and index.
533 _aElectronic reproduction.
_bPalo Alto, Calif. :
_cebrary,
_d2013.
_nAvailable via World Wide Web.
_nAccess may be limited to ebrary affiliated libraries.
650 0 _aLinguistics
_zGreat Britain
_xHistory
_y17th century.
655 7 _aElectronic books.
_2local
710 2 _aebrary, Inc.
830 0 _aAmsterdam studies in the theory and history of linguistic science.
_nSeries III,
_pStudies in the history of the language sciences ;
_vv. 17.
856 4 0 _uhttp://site.ebrary.com/lib/rucke/Doc?id=10463009
_zAn electronic book accessible through the World Wide Web; click to view
999 _c240886
_d240886